书目信息 |
| 题名: |
读懂性格 读懂人心
|
|
| 作者: | 中石 编著 | |
| 分册: | ||
| 出版信息: | 北京 当代世界出版社 2010 |
|
| 页数: | 228页 | |
| 开本: | 24cm | |
| 丛书名: | ||
| 单 册: | ||
| 中图分类: | B848.6 , C912.1 | |
| 科图分类: | ||
| 主题词: | 性格--通俗读物 , 人际关系--通俗读物 | |
| 电子资源: | ||
| ISBN: | 978-7-5090-0577-4 | |
| 000 | 01043nam0 2200265 45 | |
| 001 | 1133490719 | |
| 005 | 20110411170547.90 | |
| 010 | @a978-7-5090-0577-4@dCNY29.80 | |
| 100 | @a20110406d2010 em y0chiy50 ea | |
| 101 | 0 | @achi |
| 102 | @aCN@b110000 | |
| 105 | @ay z 000yy | |
| 106 | @ar | |
| 200 | 1 | @a读懂性格 读懂人心@ADu Dong Xing Ge Du Dong Ren Xin@e解读性格的密码 透视人心的学问@EJie Du Xing Ge De Mi Ma Tou Shi Ren Xin De Xue Wen@f中石编著@FZhong Shi Bian Zhu |
| 210 | @a北京@c当代世界出版社@d2010 | |
| 215 | @a228页@d24cm | |
| 330 | @a本书为你解读性格的密码,透视人心的学问。内容包括:近朱者赤,近墨者黑、摸透领导的脾气、看清小人的真面目、处世之道:看人要三思、察言观色巧推销、领导者的知人之明等。 | |
| 517 | 1 | @a解读性格的密码 透视人心的学问@AJie Du Xing Ge De Mi Ma Tou Shi Ren Xin De Xue Wen |
| 606 | 0 | @a性格@j通俗读物 |
| 606 | 0 | @a人际关系@j通俗读物 |
| 690 | @aB848.6@v4 | |
| 690 | @aC912.1@v4 | |
| 701 | 0 | @a中石@AZhong Shi@4编著 |
| 801 | 0 | @aCN@bTANGWEI@c20110411 |
| 905 | @b0533689-93@dB848.6@e1047@f5 | |
| 读懂性格 读懂人心:解读性格的密码 透视人心的学问/中石编著.-北京:当代世界出版社,2010 |
| 228页;24cm |
| ISBN 978-7-5090-0577-4:CNY29.80 |
| 本书为你解读性格的密码,透视人心的学问。内容包括:近朱者赤,近墨者黑、摸透领导的脾气、看清小人的真面目、处世之道:看人要三思、察言观色巧推销、领导者的知人之明等。 |
| ● |
| 相关链接 |
|
|
|
|
正题名:读懂性格 读懂人心
索取号:B848.6/1047
 
预约/预借
| 序号 | 登录号 | 条形码 | 馆藏地/架位号 | 状态 | 备注 |
| 1 | 0533689 | 205336894 | 第一样本阅览室/ [索取号:B848.6/1047] | 在馆 | |
| 2 | 0533690 | 205336901 | 第一借阅区/ [索取号:B848.6/1047] | 在馆 | |
| 3 | 0533691 | 205336910 | 第一借阅区/ [索取号:B848.6/1047] | 在馆 | |
| 4 | 0533692 | 205336929 | 第一借阅区/ [索取号:B848.6/1047] | 在馆 | |
| 5 | 0533693 | 205336938 | 第一借阅区/ [索取号:B848.6/1047] | 在馆 |